| 000 | 00455nam a22001811a 4500 | ||
|---|---|---|---|
| 001 | 2244 | ||
| 003 | OSt | ||
| 005 | 20260204211805.0 | ||
| 008 | 040209s1995||||dr ||||||b||||||||||spa|| | ||
| 050 | _aRD 808.8381 G139e | ||
| 082 | _aRD 808.8381 G139e | ||
| 100 | _aGalvan, Manuel de Jesús | ||
| 245 | _aEnriquillo / Manual de Jesús Galvan | ||
| 264 | _aSanto Domingo : Susaeta | ||
| 300 | _a133 p. | ||
| 650 | _a1.Novela HistorícaÌ | ||
| 942 |
_2ddc _cBK |
||
| 999 |
_c2244 _d2244 |
||